00432nam a2200133Ia 4500001000400000008004100004082002000045100006600065245010300131260001400234590000700248901002800255999001500283493241024s9999 xx 000 0 und d aRD/352.74/R426d aRepública Dominicana.Oficina de Cooperación Internacional 0aDirectorio de Proyectos 2004-2008,Fondos Concursables para el Desarrollo de Innovaciones Educativa bOCIc2008 asi a12/11/2010 9:24:22 a.m. c9463d9463